00720naa a2200157 i 45000010005000000030009000050050017000140080039000310400021000700410008000911000129000992450181002287730125004099420013005349990015005478938KOSZ 00520180427154401.0140903s1978 pl f |000 0 pol cBPKdKOSZ 005/EG apol1 aBIL, Tadeusz.d1974 - 1996.bWyższa Szkoła Inżynierska w Koszalinie - Wydział Mechaniczny,cZakład Technologii Maszyn10aПередаточный рычажный механизм :bавторское свидетельство СССР № 638766 /cТ. Биль, Ю. З. Тененбаум.0 iW :tОфициальный бюллетень "Изобретения. Полезные модели". -g1978, nr 47 cART2UKD c8938d8938